|
|
|
|
| LEADER |
00000nab a2200000 a 4500 |
| 001 |
vtls000868122 |
| 003 |
SK-MaSNL |
| 005 |
20260302161605.0 |
| 008 |
160322c2004 xo 0 slo |
| 015 |
|
|
|a SNBRB2004/04-10544
|
| 035 |
|
|
|a CLN000219674
|
| 040 |
|
|
|a SNKBUCL
|b slo
|c SNKBUCL
|e AACR2
|
| 041 |
0 |
|
|a slo
|
| 044 |
|
|
|a xo
|c SK
|
| 080 |
|
|
|a 792.071.2
|2 UDC-MRF-SK2
|
| 080 |
|
|
|a 791.44.071.2
|2 UDC-MRF-SK2
|
| 080 |
|
|
|a 928 Kukura, Juraj
|2 UDC-MRF-SK2
|
| 100 |
1 |
|
|a Jenčíková, Mária
|4 ain
|9 265567
|
| 245 |
1 |
0 |
|a Boli sme generácia lenivých buldogov
|b Juraj Kukura sa vracia na slovenské javisko po boku ...
|c [zhovárala sa] Mária Jenčíková
|
| 300 |
|
|
|b Fotogr.
|
| 600 |
1 |
7 |
|a Kukura, Juraj,
|d 1947-
|2 snkbucl
|9 18263
|
| 655 |
|
7 |
|a články z novín a časopisov
|2 snkbucl
|9 267496
|
| 700 |
1 |
|
|a Kukura, Juraj,
|d 1947-
|4 aut
|4 uin
|9 18263
|
| 773 |
0 |
|
|x 1335-4051
|t Pravda
|g Roč. XIV, č. 61 (13.3.2004), s. 18
|
| 850 |
|
|
|a Slovenská národná knižnica v Martine
|
| 852 |
|
|
|a SNK
|b KIS3GCP
|
| 958 |
|
|
|a BX
|
| 958 |
|
|
|a RBX
|
| 999 |
|
|
|c 1377832
|d 1379762
|